000 00467nam a2200157Ia 4500
008 240729s9999 xx 000 0 und d
022 _a1798-5617
245 0 _aFennia: International Journal of Geography
260 _aFinland
260 _bGeographical Society of Finland
650 _a Geography (General)
650 _aGeography. Anthropology. Recreation
856 _uhttps://doaj.org/toc/cd307e404328449e8d985edb55908914
942 _2ddc
942 _cDOAJEJ
999 _c71162
_d71162
945 _a1
_bMadushi Gamage
_c1
_dMadushi Gamage